United Nations Trust Territories Quiz - Statistics

General Stats
  • This quiz has been taken 52 times
  • The average score is 10 of 16
Answer Stats
Trusteeship Power Termination Modern Country % Correct
United States 1986 Federated States of Micronesia
87%
United States 1994 Palau
84%
Australia, New Zealand, United Kingdom 1968 Nauru
82%
Australia 1975 New Guinea
82%
New Zealand 1962 Samoa
82%
United States 1986 Marshall Islands
79%
Italy 1960 Somalia
71%
Belgium 1962 Burundi
66%
Belgium 1962 Rwanda
66%
France 1960 Cameroon
53%
United Kingdom 1961 Cameroon
53%
United Kingdom 1961 Nigeria (Southern Cameroon)
47%
United Kingdom 1961 Tanzania
47%
France 1960 Togo
47%
United Kingdom 1956 Ghana (Western Togoland)
45%
United States 1986 United States (Northern Mariana Islands)
26%
No matching quizzes found
Score Distribution
Percent of People with Each Score
Percentile by Number Answered
Your Score History
You have not taken this quiz